乗り入れ路線だけで駅名当てるクイズ70問 - Statistics

General Stats
  • This quiz has been taken 97 times
  • The average score is 49 of 70
Answer Stats
乗り入れている路線 駅名 % Correct
富良野線・函館本線・石北本線・宗谷本線 旭川
94%
新幹線・道南いさりび鉄道線 木古内
90%
中央総武各駅停車・山手線・京浜東北線・つくばエクスプレス線・東京メトロ日比谷線 秋葉原
89%
都営浅草線・東京メトロ銀座線・京浜東北線・東海道本線・山手線・横須賀線・ゆりかもめ線 新橋
89%
山陽本線・新幹線・宇部線・山口線 新山口
86%
青い森鉄道線・新幹線・八戸線 八戸
86%
阿武隈急行線・福島交通飯坂線・東北本線・新幹線・奥羽本線 福島
85%
根岸線・湘南モノレール・東海道本線・横須賀線 大船
85%
常磐線・京成松戸線 松戸
84%
小田急江ノ島線・相鉄線 大和
84%
身延線・中央本線 甲府
84%
長崎本線・大村線・島原鉄道線・新幹線 諫早
82%
伊豆箱根鉄道駿豆線・東海道本線・新幹線 三島
81%
関西空港線・阪和線 日根野
80%
JR東西線・大阪環状線・片町線 京橋
80%
因美線・津山線・姫新線 津山
78%
新幹線・釜石線 新花巻
78%
豊肥本線・久大本線・日豊本線 大分
77%
本四備讃線・宇野線 茶屋町
77%
紀勢本線・関西本線 亀山
77%
近鉄山田線・紀勢本線・名松線 松阪
77%
磐越西線・磐越東線・只見線 会津若松
77%
福知山線・山陰本線・丹鉄宮福線 福知山
77%
近鉄京都線・近鉄橿原線・近鉄奈良線 大和西大寺
76%
高徳線・牟岐線・徳島線 徳島
76%
常磐線・ひたちなか海浜鉄道湊線 勝田
76%
石巻線・仙石線 石巻
76%
福塩線・芸備線 塩町
75%
アストラムライン・可部線・山陽本線 新白島
73%
姫新線・智頭急行線 佐用
73%
愛知環状鉄道線・中央本線 高蔵寺
73%
函館本線・根室本線 滝川
72%
三陸鉄道リアス線・山田線 宮古
72%
羽越本線・米坂線 坂町
71%
土讃線・土佐くろしお鉄道ごめん・なはり線 後免
70%
中央本線・東海交通事業城北線 勝川
70%
関東鉄道常総線・水戸線・真岡鉄道線 下館
70%
京王井の頭線・小田急線 下北沢
70%
IRいしかわ鉄道線・七尾線 津幡
70%
中央総武線各駅停車・東京メトロ南北線・都営新宿線・東京メトロ有楽町線 市ケ谷
70%
東武アーバンパークライン・東武伊勢崎線 春日部
70%
室蘭本線・石勝線 追分
68%
大村線・佐世保線 早岐
68%
後藤寺線・平成筑豊鉄道糸田線・日田彦山線 田川後藤寺
68%
京阪交野線・京阪本線 枚方市
68%
阪神なんば線・近鉄奈良線 大阪難波
68%
名古屋市営地下鉄名城線・名鉄瀬戸線・中央本線 大曽根
68%
京成本線・京成空港線・京成金町線 京成高砂
68%
加古川線・福知山線 谷川
67%
愛地高速交通東部丘陵線(リニモ)・名古屋市営地下鉄東山線 藤が丘
67%
羽越本線・由利高原鉄道線 羽後本荘
67%
札幌市営地下鉄東豊線・札幌市営地下鉄南北線・札幌市営地下鉄東西線 大通
67%
南海高野線・和歌山線 橋本
66%
秋田内陸縦貫鉄道線・奥羽本線 鷹ノ巣
66%
西武秩父線・八高線 東飯能
66%
西鉄天神大牟田線・西鉄太宰府線 西鉄二日市
65%
IGRいわて銀河鉄道線・花輪線 好摩
65%
名鉄三河線・名鉄名古屋線 知立
63%
横浜市営地下鉄ブルーライン・東急田園都市線 あざみ野
62%
東京メトロ千代田線・東京メトロ副都心線 明治神宮前
61%
大阪メトロ千日前線・大阪メトロ中央線 阿波座
57%
福岡市営地下鉄空港線・福岡市営地下鉄箱崎線 中洲川端
56%
会津鉄道線・野岩鉄道線 会津高原尾瀬口
54%
香椎線・篠栗線 長者原
53%
東急大井町線・東急目黒線 大岡山
53%
神戸電鉄有馬線・神戸電鉄粟生線 鈴蘭台
51%
筑肥線・唐津線 山本
43%
大阪メトロ今里筋線・大阪メトロ谷町線 太子橋今市
42%
大阪メトロ長堀鶴見緑地線・大阪メトロ堺筋線 長堀橋
42%
富山地方鉄道本線・富山地方鉄道立山線 寺田
42%
No matching quizzes found
Score Distribution
Percent of People with Each Score
Percentile by Number Answered
Your Score History
You have not taken this quiz